000 00890pam a2200277 a 4500
001 4802910
003 OSt
005 20211126093459.0
008 880926s1988 ilua b 000 0 eng
010 _a 88031152
020 _a0872271277
040 _aDLC
_cHU
_dDLC
043 _an-us---
050 0 0 _aHS495
_b.B94 1988
082 0 0 _a366/.1/0973
_219
100 1 _aByers, Dale A.,
_d1937-
_920679
245 1 0 _aI left the lodge /
_cDale A. Byers.
260 _aSchaumburg, Ill. :
_bRegular Baptist Press,
_cc1988.
300 _a126 p. :
_bill. ;
_c21 cm.
504 _aBibliography: p. 123-124.
610 2 0 _aFreemasons
_zUnited States.
_920680
650 0 _aFreemasonry
_xReligious aspects
_xChristianity.
_920681
906 _a7
_bcbc
_corignew
_d1
_eocip
_f19
_gy-gencatlg
942 _2ddc
_cBOOKS
_n0
999 _c20284
_d20284